Les plus grandes villes d'Allemagne - Statistiques

Statistiques générales
  • Ce quiz a été pris 124 fois
  • Le résultat moyen est 10 sur 15
Statistiques - réponses
Population Villes % Correct
3 755 000 Berlin
100%
1 512 000 Munich
99%
1 892 000 Hambourg
91%
773 000 Francfort sur le Main
87%
1 085 000 Cologne
81%
593 000 Dortmund
79%
633 000 Stuttgart
78%
616 000 Leipzig
74%
523 000 Nuremberg
65%
629 000 Düsseldorf
61%
569 000 Brême
60%
563 000 Dresde
58%
545 000 Hanovre
58%
585 000 Essen
44%
502 000 Duisbourg
15%
Aucun quiz correspondant
Distribution des résultats
% des personnes avec chaque résultat
Percentile par nombre de réponses
Votre historique - résultats
Vous n’avez pas pris ce quiz